00974nam a22002777a 4500001000200000003000900002005001700011008002500028020001800053040002200071082002800093245007100121260005700192300002800249490002500277590002600302600005500328650004000383650003200423700004000455740000600495910004200501942001200543952012400555999001700679 DO-SdBNP20230313091216.0160706b 2010 ec| 0 spa d a9786124026669 aBPMSUbspacBPMSU 4a823..8bP478pa 201022200aPeter Pan :bmis rimacuentos /c adaptación Flor Sonia Carpio aLa victoria, Lima : b Editorial Didáctica, c2010 a[10 p.] :bil.,c20 cm.0 a Mis rimacuentos a  6Inventariado, 2023/VM 4aBarrie, James Matthew, d1860-1937tPeter Pan x  4a Literatura iglesa infantil x e  4aCuentos ingleses infantiles1 aCarpio, Flor Sonia e adaptación  5  aVMateo V. Control de calidad (BPMSU)  2ddccBK 00102ddc40708CI-GaBPMETbBPMETd2023-03-13oBPMSU CGI 823.8 P478pa 2010pBPMSU23030017r2023-03-13w2023-03-13yBK c14373d14373